MARC

LEADER 00000nam0a2200000 4500
001 139972
005 20231101220828.0
035 |a (RuTPU)RU\TPU\book\151641 
090 |a 139972 
100 |a 20080617d1934 m y0rusy50 ca 
101 0 |a rus 
102 |a RU 
105 |a a z 001ab 
200 1 |a Анатоль Франс  |e Творчество  |f В. Дынник 
210 |a Москва-Ленинград  |c Государственное издательство художественной литературы  |d 1934 
215 |a 424 с.  |c ил. 
320 |a Библиогр.: с. 391-419 
600 1 |a Франс  |b А.  |c французский писатель  |f 1844-1924  |g Анатоль  |2 stltpush  |3 (RuTPU)RU\TPU\pers\6101  |9 1193 
610 1 |a французские писатели 
610 1 |a творчество 
610 1 |a биографическая проза 
675 |a 84(09)  |v 3 
700 1 |a Дынник  |b В.  |g Валентина 
801 1 |a RU  |b 63413507  |c 20080617  |g PSBO 
942 |c BK